000 00218nam a22000977a 4500
082 _a294
100 _aSaraf, Mukesh
_979852
245 _aThe Hindu View of Life
260 _aAllahabad
_bPrabha Pub
_c2018
942 _cBK
999 _c63418
_d63418